00498 2200193 4500001002100000005001500021035002000036008004100056245005700097100001500154260002800169300002200197020001800219084001600237082001000253650001400263650001600277990001100293INLIS00000000000345920260421101735 a0010-0621003059260421 g 0 ind 1 aSenam Hamil (Relaxation And Exercise For Childbirth)1 aHeardam, H aJakarta :bArcan,c1996 a45 hlm. ;c19 cm. a979-431-176-6 a618.2 HEA s a618.2 4aKehamilan 4aSenam Hamil a023506